[Event "European Blitz-ch 2018"]
[Site "Skopje"]
[Date "2018.12.07"]
[Round "18"]
[White "Laznicka, Viktor"]
[Black "Warmerdam, Max"]
[Result "1-0"]
[WhiteElo "2675"]
[BlackElo "2433"]
[Annotator "TA"]
[PlyCount "49"]
[EventDate "2018.12.06"]
[EventType "swiss"]
[EventCountry "MKD"]

1. d4 Nf6 2. Bf4 g6 3. e3 Bg7 4. Nf3 O-O 5. Be2 c5 6. O-O d6 7. h3 b6 8. a4 a6 9. c4 cxd4 10. exd4 d5 11. Nc3 Nc6 12. Rc1 Bb7 13. Re1 Rc8 14. Bh2 dxc4 15. Bxc4 Na5 16. Ba2 e6 17. Ne5 Nd5 18. Qd2 Nb4 19. Nxf7 Rxf7 20. Bxe6 Qxd4 21. Qe2 Rcf8 22. Rcd1 Qf6 23. Bd6 Nac6 24. Bxf8 Bxf8 25. Rd7 1-0

[Event "European Blitz-ch 2018"]
[Site "Skopje"]
[Date "2018.12.07"]
[Round "18"]
[White "Guseinov, Gadir"]
[Black "Kalezic, Blazo"]
[Result "0-1"]
[WhiteElo "2664"]
[BlackElo "2460"]
[Annotator "TA"]
[PlyCount "64"]
[EventDate "2018.12.06"]
[EventType "swiss"]
[EventCountry "MKD"]

1. e4 e6 2. d4 d5 3. Nd2 a6 4. Ngf3 Nf6 5. e5 Nfd7 6. c3 c5 7. Bd3 Nc6 8. O-O g5 9. dxc5 g4 10. Nd4 Ncxe5 11. Be2 Bxc5 12. N2b3 Bd6 13. Bxg4 Qh4 14. Bh3 Rg8 15. Kh1 Ng4 16. Qe2 Nxh2 17. Nxe6 Ne5 18. Bf4 Nxf1 19. Bxe5 Bxe5 20. Qxe5 Bxe6 21. Nd4 Rg5 22. Qe2 Qe4 23. Qxe4 dxe4 24. Bxe6 fxe6 25. Nxe6 Rh5+ 26. Kg1 Kf7 27. Nf4 Rf5 28. Ne2 Nd2 29. b3 Rd8 30. Nd4 Rc5 31. Rd1 Rxc3 32. Kh2 Rxd4 0-1

[Event "European Blitz-ch 2018"]
[Site "Skopje"]
[Date "2018.12.07"]
[Round "18"]
[White "Fridman, Daniel"]
[Black "Perunovic, Milos"]
[Result "0-1"]
[WhiteElo "2633"]
[BlackElo "2597"]
[Annotator "TA"]
[PlyCount "84"]
[EventDate "2018.12.06"]
[EventType "swiss"]
[EventCountry "MKD"]

1. d4 Nf6 2. Nf3 e6 3. c4 c5 4. d5 d6 5. Nc3 exd5 6. cxd5 g6 7. Bf4 Nbd7 8. Nd2 Nh5 9. Be3 Bg7 10. g4 Nhf6 11. h3 O-O 12. Bg2 Re8 13. Bf4 Ne5 14. O-O a6 15. a4 h5 16. g5 Nh7 17. h4 f6 18. Nde4 fxg5 19. Nxg5 Nxg5 20. Bxg5 Qb6 21. Qc2 Bf5 22. e4 Bd7 23. b3 Rf8 24. a5 Qb4 25. f3 c4 26. Rab1 Rac8 27. Ne2 c3 28. Nf4 Qxa5 29. Ne6 Bxe6 30. dxe6 Bf6 31. e7 Rf7 32. Bxf6 Rxf6 33. f4 Ng4 34. e5 dxe5 35. fxe5 Qc5+ 36. Kh1 Qxe5 37. Bxb7 Re8 38. Rbe1 Rxf1+ 39. Rxf1 Kg7 40. Rf3 Qe1+ 41. Kg2 Ne3+ 42. Rxe3 Qxe3 0-1

[Event "European Blitz-ch 2018"]
[Site "Skopje"]
[Date "2018.12.07"]
[Round "18"]
[White "Salgado Lopez, Ivan"]
[Black "Demidov, Mikhail"]
[Result "1-0"]
[WhiteElo "2629"]
[BlackElo "2520"]
[Annotator "TA"]
[PlyCount "141"]
[EventDate "2018.12.06"]
[EventType "swiss"]
[EventCountry "MKD"]

1. e4 e6 2. d4 d5 3. Nc3 Be7 4. Nf3 Nf6 5. exd5 exd5 6. Bd3 O-O 7. h3 c5 8. dxc5 Nbd7 9. O-O Nxc5 10. Re1 h6 11. Bf4 Be6 12. Nd4 Qb6 13. Rb1 Rfe8 14. Bb5 Red8 15. b4 a6 16. bxc5 Qxc5 17. Na4 Qa3 18. Re3 Qxa2 19. Ra1 Qxa1 20. Qxa1 axb5 21. Nxb5 Bc5 22. Nc7 b5 23. Nxe6 fxe6 24. Rxe6 bxa4 25. Rxf6 gxf6 26. Qxf6 Bf8 27. Qe6+ Kh7 28. Qf5+ Kg8 29. Be5 Ra6 30. Qg4+ Kh7 31. Qf5+ Kg8 32. Bf6 Rxf6 33. Qxf6 Rd6 34. Qe5 Rd7 35. Qe6+ Rf7 36. Qxd5 a3 37. f4 Kg7 38. f5 Rf6 39. g4 Rd6 40. Qe5+ Kf7 41. Qa5 Be7 42. Kg2 Rd8 43. Kf3 Rc8 44. Qd5+ Kf8 45. Qe5 Rxc2 46. f6 Bd8 47. Qd6+ Ke8 48. Qxa3 Rc7 49. Qa4+ Kf8 50. Qd4 Ke8 51. Qe5+ Kf8 52. Qd6+ Ke8 53. Qe6+ Kf8 54. h4 Bxf6 55. Qxf6+ Rf7 56. Qxf7+ Kxf7 57. Ke3 Ke7 58. Kd4 Kd6 59. Ke4 Ke6 60. Kf4 Kf6 61. Ke4 Ke6 62. Ke3 Ke7 63. Ke2 Ke6 64. Kd3 Kd5 65. Ke3 Ke5 66. Kf3 Ke6 67. Ke4 Kf6 68. Kd5 Kf7 69. Ke5 Ke7 70. Kf5 Kf7 71. h5 1-0

[Event "European Blitz-ch 2018"]
[Site "Skopje"]
[Date "2018.12.07"]
[Round "18"]
[White "Banikas, Hristos"]
[Black "Van Foreest, Jorden"]
[Result "1/2-1/2"]
[WhiteElo "2601"]
[BlackElo "2614"]
[Annotator "TA"]
[PlyCount "118"]
[EventDate "2018.12.06"]
[EventType "swiss"]
[EventCountry "MKD"]

1. d4 d5 2. c4 c6 3. Nf3 Nf6 4. Nbd2 g6 5. b3 Bg7 6. Bb2 O-O 7. g3 Ne4 8. Bg2 Bf5 9. Nh4 e6 10. Nxf5 exf5 11. O-O Re8 12. cxd5 cxd5 13. e3 Nc6 14. Rc1 h5 15. h4 Rc8 16. a3 Qd6 17. b4 a6 18. Nb3 Bh6 19. Qf3 Ne7 20. Rfd1 Kg7 21. Nc5 Rc7 22. Qe2 Nc6 23. Nxe4 fxe4 24. Rc5 Rec8 25. Rdc1 Nd8 26. Qc2 Ne6 27. Qb3 Kg8 28. Bh3 b6 29. Rxc7 Rxc7 30. Rxc7 Nxc7 31. Qc2 f5 32. Bf1 Bxe3 33. fxe3 Qxg3+ 34. Kh1 Qxh4+ 35. Qh2 Qe1 36. Qe2 Qxe2 37. Bxe2 Kf7 38. Bc3 h4 39. a4 b5 40. a5 g5 41. Bh5+ Kg7 42. Bd2 Kf6 43. Kg2 Kg7 44. Kh3 Kh6 45. Bf7 Kg7 46. Bh5 Kf6 47. Be2 Ne6 48. Bh5 f4 49. Bg4 f3 50. Be1 Nc7 51. Bc8 Kg6 52. Kg4 Kf6 53. Bf2 Kg6 54. Bg1 Kf6 55. Kh5 Ne8 56. Kg4 Nc7 57. Bf2 Kg6 58. Bg1 Kf6 59. Kh3 Kg6 1/2-1/2

[Event "European Blitz-ch 2018"]
[Site "Skopje"]
[Date "2018.12.07"]
[Round "18"]
[White "Bartel, Mateusz"]
[Black "Polivanov, Anatoliy"]
[Result "1-0"]
[WhiteElo "2600"]
[BlackElo "2374"]
[Annotator "TA"]
[PlyCount "79"]
[EventDate "2018.12.06"]
[EventType "swiss"]
[EventCountry "MKD"]

1. e4 e6 2. d4 d5 3. Nc3 Nf6 4. Bg5 dxe4 5. Nxe4 Be7 6. Bxf6 gxf6 7. Bc4 Nd7 8. c3 c5 9. d5 Nb6 10. Bb5+ Bd7 11. Bxd7+ Qxd7 12. dxe6 Qxe6 13. Qe2 O-O-O 14. Nf3 Nd5 15. g3 Rhg8 16. Ned2 Qc6 17. O-O-O Rge8 18. Qe4 Qa6 19. Qc4 Qxc4 20. Nxc4 Bf8 21. Rhe1 Rxe1 22. Rxe1 Kd7 23. Rd1 Kc7 24. Kc2 b5 25. Ncd2 Kc6 26. Re1 Bh6 27. Re4 Bxd2 28. Nxd2 f5 29. Re5 f4 30. Rf5 fxg3 31. hxg3 f6 32. Ne4 Re8 33. Nxf6 Re2+ 34. Kd3 Rxb2 35. Nxd5 Rxa2 36. c4 Ra3+ 37. Kc2 bxc4 38. Nc3 Ra1 39. Rf6+ Kd7 40. Rf7+ 1-0

[Event "European Blitz-ch 2018"]
[Site "Skopje"]
[Date "2018.12.07"]
[Round "18"]
[White "Bosiocic, Marin"]
[Black "Studer, Noel"]
[Result "1/2-1/2"]
[WhiteElo "2599"]
[BlackElo "2494"]
[Annotator "TA"]
[PlyCount "146"]
[EventDate "2018.12.06"]
[EventType "swiss"]
[EventCountry "MKD"]

1. c4 e5 2. Nc3 Nf6 3. e3 Bb4 4. Qc2 O-O 5. Nge2 Re8 6. a3 Bf8 7. d4 exd4 8. Nxd4 Nc6 9. Nxc6 bxc6 10. Be2 c5 11. Bf3 Rb8 12. O-O g6 13. Rb1 Bb7 14. Bxb7 Rxb7 15. Bd2 Qb8 16. b3 Bg7 17. Rfd1 d6 18. Be1 Qc8 19. h3 Qe6 20. Nd5 Nxd5 21. cxd5 Qe4 22. Qxe4 Rxe4 23. b4 cxb4 24. axb4 f5 25. Kf1 f4 26. exf4 Rxf4 27. f3 Rd4 28. Rxd4 Bxd4 29. Ke2 Rb5 30. Kd3 Rxd5 31. Ke4 c6 32. b5 Bb6 33. bxc6 Re5+ 34. Kd3 Rc5 35. Bc3 Rxc6 36. Rb5 Kf7 37. g4 Rc8 38. f4 Rc5 39. Rb2 Rd5+ 40. Ke4 Rd1 41. Bh8 d5+ 42. Kf3 Rd3+ 43. Kg2 d4 44. Rb5 Re3 45. f5 d3 46. Rd5 Re2+ 47. Kf3 Rf2+ 48. Ke4 gxf5+ 49. gxf5 d2 50. Bc3 Re2+ 51. Kf4 Re3 52. Bxd2 Rxh3 53. Rd7+ Ke8 54. Rb7 Rd3 55. Bc1 Rd7 56. Rb8+ Rd8 57. Rb7 Rd7 58. Rb8+ Kf7 59. Rh8 Kg7 60. Bb2+ Bd4 61. Rb8 Bxb2 62. Rxb2 Kf6 63. Ra2 Rd4+ 64. Ke3 Rd7 65. Kf4 Rd4+ 66. Ke3 Rh4 67. Rxa7 Kxf5 68. Kf3 Rh3+ 69. Kg2 Rh6 70. Ra5+ Kg4 71. Ra4+ Kg5 72. Ra5+ Kg6 73. Ra6+ Kg7 1/2-1/2

[Event "European Blitz-ch 2018"]
[Site "Skopje"]
[Date "2018.12.07"]
[Round "18"]
[White "Esipenko, Andrey"]
[Black "Santos Ruiz, Miguel"]
[Result "0-1"]
[WhiteElo "2593"]
[BlackElo "2523"]
[Annotator "TA"]
[PlyCount "72"]
[EventDate "2018.12.06"]
[EventType "swiss"]
[EventCountry "MKD"]

1. d4 Nf6 2. Bf4 d5 3. e3 e6 4. Nf3 c5 5. c3 Bd6 6. Bg3 O-O 7. Nbd2 Qc7 8. Bd3 Nbd7 9. O-O Bxg3 10. hxg3 e5 11. dxe5 Nxe5 12. Nxe5 Qxe5 13. Nf3 Qh5 14. Qa4 Bg4 15. Qf4 Rfe8 16. Rfe1 Rac8 17. Nh2 Bd7 18. Rad1 h6 19. Be2 Qe5 20. Nf3 Qe7 21. c4 Be6 22. cxd5 Bxd5 23. Bc4 g5 24. Nxg5 Bxc4 25. Nf3 Bxa2 26. Nh4 Qe5 27. Qa4 Bd5 28. Qxa7 Qxb2 29. Nf5 Qe5 30. e4 Nxe4 31. Nxh6+ Kg7 32. Ng4 Qf5 33. f3 Nc3 34. Qa1 Qc2 35. Rxe8 Rxe8 36. Rc1 Qxc1+ 0-1

[Event "European Blitz-ch 2018"]
[Site "Skopje"]
[Date "2018.12.07"]
[Round "18"]
[White "Djukic, Nikola"]
[Black "Dimitrov, Radoslav"]
[Result "1-0"]
[WhiteElo "2574"]
[BlackElo "2534"]
[PlyCount "111"]
[EventDate "2018.12.06"]
[EventType "swiss"]
[EventCountry "MKD"]

1. Nf3 Nf6 2. g3 b5 3. Bg2 Bb7 4. d3 d5 5. c3 e6 6. a4 b4 7. O-O a5 8. Nbd2 Nbd7 9. Nb3 Be7 10. Bd2 c5 11. Re1 O-O 12. Qc2 Rc8 13. c4 dxc4 14. dxc4 Be4 15. Qc1 Qb6 16. Bf4 Rfd8 17. Nbd2 Bc6 18. b3 Nf8 19. Ne5 Bxg2 20. Kxg2 Ng6 21. Nxg6 hxg6 22. Nf3 Ne4 23. Qe3 Nc3 24. Be5 Bf6 25. Bxf6 gxf6 26. h4 Qc6 27. Rac1 Kg7 28. Kg1 Rd7 29. Nh2 f5 30. Nf3 Qe4 31. Rxc3 bxc3 32. Qxc3+ f6 33. Qxa5 f4 34. g4 e5 35. Qc3 Rcd8 36. Qa1 Qc6 37. g5 e4 38. gxf6+ Qxf6 39. Qxf6+ Kxf6 40. Ng5 Rd1 41. Kf1 Kf5 42. f3 Rxe1+ 43. Kxe1 exf3 44. exf3 Rh8 45. Ne4 Rxh4 46. Nxc5 Rh2 47. a5 g5 48. a6 Rh7 49. b4 g4 50. fxg4+ Kxg4 51. b5 f3 52. Nd3 Kg3 53. b6 Rd7 54. b7 Rd8 55. a7 Re8+ 56. Kd1 1-0

[Event "European Blitz-ch 2018"]
[Site "Skopje"]
[Date "2018.12.07"]
[Round "18"]
[White "Brkic, Ante"]
[Black "Stojanovski, Dejan"]
[Result "0-1"]
[WhiteElo "2563"]
[BlackElo "2430"]
[Annotator "TA"]
[PlyCount "60"]
[EventDate "2018.12.06"]
[EventType "swiss"]
[EventCountry "MKD"]

1. e4 c6 2. d4 g6 3. Nc3 Bg7 4. Nf3 d5 5. Bf4 Bg4 6. h3 Bxf3 7. Qxf3 e6 8. O-O-O Ne7 9. g4 Nd7 10. h4 h6 11. h5 g5 12. Be3 Nf6 13. Bd3 Qa5 14. Kb1 dxe4 15. Nxe4 Nxe4 16. Bxe4 f5 17. Bd3 O-O-O 18. Qe2 Qc7 19. Rhe1 Rhe8 20. Bc1 Nd5 21. gxf5 Bxd4 22. Bc4 exf5 23. Qxe8 Rxe8 24. Rxe8+ Kd7 25. Rg8 Qb6 26. Bb3 a5 27. c4 a4 28. cxd5 axb3 29. axb3 c5 30. Kc2 Qb5 0-1

[Event "European Blitz-ch 2018"]
[Site "Skopje"]
[Date "2018.12.07"]
[Round "18"]
[White "Popov, Valerij"]
[Black "Lagarde, Maxime"]
[Result "1-0"]
[WhiteElo "2532"]
[BlackElo "2616"]
[Annotator "TA"]
[PlyCount "109"]
[EventDate "2018.12.06"]
[EventType "swiss"]
[EventCountry "MKD"]

1. Nf3 f5 2. c4 Nf6 3. g3 g6 4. Bg2 d6 5. d4 Bg7 6. O-O O-O 7. Nc3 c6 8. b3 Qe8 9. Ba3 Na6 10. Rc1 Rb8 11. d5 c5 12. Ne1 Nc7 13. Nd3 a6 14. b4 cxb4 15. Bxb4 b6 16. a4 a5 17. Ba3 Nd7 18. Qb3 Ba6 19. Rfe1 Nc5 20. Nxc5 bxc5 21. Nb5 Qd7 22. f4 Ne8 23. e4 fxe4 24. Rxe4 Nf6 25. Re2 Rf7 26. Rce1 Rbf8 27. Bb2 Bc8 28. Bc3 h5 29. Bxa5 h4 30. Nc7 hxg3 31. hxg3 Qg4 32. Ne6 Nh5 33. Nxf8 Bd4+ 34. Re3 Qxg3 35. Ne6 Bxe6 36. dxe6 Rxf4 37. Bd2 Qf2+ 38. Kh2 Qxd2 39. R1e2 Qc1 40. Re1 Rh4+ 41. Bh3 Be5+ 42. Kg1 Qd2 43. R3e2 Qg5+ 44. Rg2 Bd4+ 45. Kf1 Qf4+ 46. Ke2 Kh7 47. Qd3 Qf6 48. Rf1 Qe5+ 49. Kd1 Nf4 50. Rxf4 Qh5+ 51. Bg4 Rh1+ 52. Kc2 Qh6 53. Rf7+ Kh8 54. Qd2 Qh4 55. Be2 1-0

[Event "European Blitz-ch 2018"]
[Site "Skopje"]
[Date "2018.12.07"]
[Round "18"]
[White "Rusev, Krasimir"]
[Black "Petkidis, Anthony"]
[Result "0-1"]
[WhiteElo "2520"]
[BlackElo "2375"]
[Annotator "TA"]
[PlyCount "86"]
[EventDate "2018.12.06"]
[EventType "swiss"]
[EventCountry "MKD"]

1. d4 d5 2. Bf4 c5 3. e3 Nf6 4. Nf3 Nc6 5. Nbd2 Qb6 6. dxc5 Qxb2 7. Rb1 Qc3 8. Bb5 e6 9. O-O Bd7 10. Nb3 Ne4 11. Bxc6 Bxc6 12. Be5 Qb4 13. a3 Qa4 14. Qd4 f6 15. Bg3 Qa6 16. Nfd2 Nxg3 17. hxg3 e5 18. Qg4 Bd7 19. Qh5+ g6 20. Qh4 Be7 21. c4 dxc4 22. Qxc4 Bb5 23. Qe4 Bd3 24. Qf3 O-O 25. Qd5+ Rf7 26. Rfc1 Rd8 27. Qf3 Bxb1 28. Rxb1 Bf8 29. Ne4 Kg7 30. g4 h6 31. g3 Qxa3 32. Qe2 Qa4 33. Qc2 b6 34. Ra1 Qc6 35. Rc1 a5 36. Kh2 a4 37. Nbd2 bxc5 38. Nc4 Qb5 39. Rb1 Qc6 40. Rb6 Qd5 41. Ncd2 f5 42. gxf5 gxf5 43. Nc3 Qxd2 0-1

[Event "European Blitz-ch 2018"]
[Site "Skopje"]
[Date "2018.12.07"]
[Round "18"]
[White "Nenezic, Marko"]
[Black "Kadric, Denis"]
[Result "1-0"]
[WhiteElo "2515"]
[BlackElo "2554"]
[PlyCount "123"]
[EventDate "2018.12.06"]
[EventType "swiss"]
[EventCountry "MKD"]

1. Nf3 d6 2. d4 g6 3. c4 Bg7 4. Nc3 Nd7 5. e4 e5 6. Be2 Nh6 7. O-O O-O 8. Rb1 c6 9. d5 c5 10. a3 f6 11. b4 b6 12. bxc5 bxc5 13. Qa4 Nb6 14. Qc2 Nf7 15. a4 Nd7 16. Bd2 Nb8 17. Ne1 Bh6 18. Bxh6 Nxh6 19. Nd3 a5 20. f4 Nf7 21. f5 Na6 22. Qd2 Nb4 23. Bg4 g5 24. Nf2 Bd7 25. Bh5 Kg7 26. g3 Qe7 27. Kg2 h6 28. Rh1 Rfb8 29. h4 Na6 30. Nb5 Bxb5 31. cxb5 Nb4 32. Rbc1 Rh8 33. Nd1 c4 34. Ne3 gxh4 35. Bxf7 Kxf7 36. Rxh4 Nd3 37. Rxc4 Nc5 38. Rxc5 dxc5 39. d6 Qb7 40. Qa2+ Kg7 41. Qe2 Rag8 42. Nc4 Kf8 43. Qd2 Rg7 44. Qxa5 Rhg8 45. Qd8+ Kf7 46. Qc7+ Qxc7 47. dxc7 Rxg3+ 48. Kf2 Rg2+ 49. Kf1 Rg1+ 50. Kf2 R1g2+ 51. Kf1 Rg1+ 52. Ke2 R8g2+ 53. Kf3 Rg3+ 54. Ke2 R3g2+ 55. Kf3 Rg3+ 56. Kf2 R3g2+ 57. Kf3 Rg3+ 58. Ke2 R3g2+ 59. Kd3 Rd1+ 60. Ke3 Rg8 61. Rxh6 Rc8 62. b6 1-0

[Event "European Blitz-ch 2018"]
[Site "Skopje"]
[Date "2018.12.07"]
[Round "18"]
[White "Ivic, Velimir"]
[Black "Georgiev, Kiril"]
[Result "1/2-1/2"]
[WhiteElo "2497"]
[BlackElo "2595"]
[Annotator "TA"]
[PlyCount "146"]
[EventDate "2018.12.06"]
[EventType "swiss"]
[EventCountry "MKD"]

1. e4 c6 2. d4 d5 3. Nd2 dxe4 4. Nxe4 Nf6 5. Nxf6+ exf6 6. c3 Bd6 7. Bd3 O-O 8. Ne2 Re8 9. Qc2 h6 10. O-O Nd7 11. Bf4 Nf8 12. Bxd6 Qxd6 13. Ng3 Bg4 14. Rfe1 Rad8 15. Bf5 Qf4 16. Bxg4 Qxg4 17. Qf5 Qg5 18. Qxg5 hxg5 19. Rad1 Ne6 20. f3 Nf4 21. Rxe8+ Rxe8 22. Kf2 Kf8 23. Rd2 g6 24. Ne4 Ke7 25. c4 Rc8 26. g3 Ne6 27. d5 cxd5 28. cxd5 f5 29. dxe6 fxe4 30. exf7 exf3 31. Kxf3 Kxf7 32. Rd7+ Kf6 33. Rxb7 Rc2 34. h3 a5 35. Rb6+ Kg7 36. a4 Kh6 37. Rb5 Rd2 38. Ke3 Rh2 39. Kf3 Rd2 40. b3 Rd3+ 41. Kg4 Rd4+ 42. Kf3 Rd3+ 43. Kf2 Rc3 44. Rxa5 Rxb3 45. Re5 Rb2+ 46. Kf3 Ra2 47. a5 Ra3+ 48. Kf2 Ra2+ 49. Kf1 Ra1+ 50. Ke2 Ra2+ 51. Ke1 Ra1+ 52. Kd2 Ra3 53. g4 Rxh3 54. Kc2 Ra3 55. Kb2 Ra4 56. Kb3 Rxg4 57. a6 Rg1 58. Ra5 Rb1+ 59. Kc4 Rb8 60. Kc5 Kh5 61. Kc6 Kh4 62. Kc7 Ra8 63. Kb7 Rf8 64. a7 g4 65. Ra4 Kh3 66. Ra6 g5 67. Rh6+ Kg2 68. Rg6 g3 69. Rxg5 Rf7+ 70. Kb6 Rxa7 71. Kxa7 Kh2 72. Kb6 g2 73. Rxg2+ Kxg2 1/2-1/2

[Event "European Blitz-ch 2018"]
[Site "Skopje"]
[Date "2018.12.07"]
[Round "18"]
[White "Milanovic, Danilo"]
[Black "Lobanov, Sergei"]
[Result "1-0"]
[WhiteElo "2494"]
[BlackElo "2526"]
[PlyCount "69"]
[EventDate "2018.12.06"]
[EventType "swiss"]
[EventCountry "MKD"]

1. d4 d5 2. Bf4 Nf6 3. e3 c5 4. c3 Nc6 5. Nd2 e6 6. Ngf3 cxd4 7. exd4 Nh5 8. Be3 Bd6 9. Ne5 g6 10. Be2 Ng7 11. f4 f6 12. Nd3 O-O 13. O-O b6 14. a4 a5 15. g3 Ba6 16. Nf3 Qd7 17. Rc1 Nf5 18. Bf2 Be7 19. b3 Nd6 20. Be3 Ne4 21. Re1 Rac8 22. Nf2 Bxe2 23. Qxe2 Na7 24. Nxe4 dxe4 25. Nd2 f5 26. Nc4 Qc7 27. Red1 b5 28. axb5 Nxb5 29. d5 exd5 30. Rxd5 Rb8 31. Ne5 Nxc3 32. Qa6 Ne2+ 33. Qxe2 Qb7 34. Rd7 Qb4 35. Nc6 1-0

[Event "European Blitz-ch 2018"]
[Site "Skopje"]
[Date "2018.12.07"]
[Round "18"]
[White "Sanal, Vahap"]
[Black "Cheparinov, Ivan"]
[Result "0-1"]
[WhiteElo "2490"]
[BlackElo "2709"]
[Annotator "TA"]
[PlyCount "145"]
[EventDate "2018.12.06"]
[EventType "swiss"]
[EventCountry "MKD"]

1. e4 e5 2. Nf3 Nc6 3. Bb5 Nf6 4. O-O Nxe4 5. d4 Nd6 6. Ba4 e4 7. Ne5 Be7 8. Nc3 O-O 9. Re1 Nf5 10. Nxc6 dxc6 11. Rxe4 Be6 12. Bb3 Bxb3 13. axb3 Bf6 14. Ne2 Qd5 15. Qd3 Rae8 16. Rxe8 Rxe8 17. Be3 a6 18. b4 Qe4 19. Qxe4 Rxe4 20. Ng3 Nxg3 21. hxg3 Bxd4 22. Rd1 Bf6 23. c3 h5 24. Rd7 Re7 25. Rd8+ Kh7 26. Rb8 b6 27. Ra8 Rd7 28. Rxa6 Rd1+ 29. Kh2 Rb1 30. Ra7 Be5 31. Bf4 Bxf4 32. gxf4 Rxb2 33. Rxc7 Rxf2 34. Kg3 Rc2 35. Rxc6 b5 36. Kf3 f6 37. g3 Kg6 38. Rc5 f5 39. Rc6+ Kf7 40. Rc7+ Kf6 41. Rc6+ Kf7 42. Rc5 Ke6 43. Ke3 Rg2 44. Rc6+ Kf7 45. Rc7+ Kf6 46. Rc6+ Kf7 47. Kf3 Rc2 48. Rc8 Kf6 49. Rc5 Ke6 50. Rc6+ Kf7 51. Ke3 Rg2 52. Kf3 Rc2 53. Rc5 Ke6 54. Ke3 Rg2 55. Rxb5 Rxg3+ 56. Kd4 h4 57. Rb6+ Kd7 58. Rb8 h3 59. Rh8 Rf3 60. c4 Rxf4+ 61. Kd5 Rf3 62. b5 Rb3 63. Rh7 f4 64. Rxg7+ Ke8 65. Ke4 f3 66. Rg8+ Ke7 67. Rg1 f2 68. Rh1 Rg3 69. Rf1 h2 70. b6 Kd7 71. b7 Kc7 72. Rb1 Kb8 73. Kd4 0-1

[Event "European Blitz-ch 2018"]
[Site "Skopje"]
[Date "2018.12.07"]
[Round "18"]
[White "Stefanova, Antoaneta"]
[Black "Ivanisevic, Ivan"]
[Result "1/2-1/2"]
[WhiteElo "2486"]
[BlackElo "2603"]
[Annotator "TA"]
[PlyCount "92"]
[EventDate "2018.12.06"]
[EventType "swiss"]
[EventCountry "MKD"]

1. d4 Nf6 2. Nf3 e6 3. e3 b6 4. Bd3 Bb7 5. O-O Rg8 6. c4 g5 7. Nc3 g4 8. Ne1 Nc6 9. Nc2 Nh5 10. e4 Qh4 11. g3 Qf6 12. e5 Qg7 13. Be4 O-O-O 14. Qe2 d6 15. exd6 Bxd6 16. c5 Be7 17. cxb6 axb6 18. d5 exd5 19. Bxd5 Bc5 20. Be3 Rxd5 21. Nxd5 Ne5 22. Rad1 Rd8 23. Bxc5 Rxd5 24. Rxd5 Nf3+ 25. Qxf3 gxf3 26. Rxh5 Qg6 27. Re5 Qxc2 28. Be3 Ba6 29. Re1 Qxb2 30. Re7 Qf6 31. Bf4 Be2 32. Rxc7+ Kd8 33. h4 Qe6 34. Kh2 Qxa2 35. Rec1 h5 36. Bg5+ Ke8 37. Rc8+ Kd7 38. R1c7+ Ke6 39. Rc6+ Kf5 40. Rf6+ Ke5 41. Re8+ Kd5 42. Rd8+ Ke5 43. Re8+ Kd5 44. Rd8+ Ke5 45. Re8+ Kd5 46. Rd8+ Ke5 1/2-1/2

[Event "European Blitz-ch 2018"]
[Site "Skopje"]
[Date "2018.12.07"]
[Round "18"]
[White "Dvirnyy, Danyyil"]
[Black "Damljanovic, Branko"]
[Result "0-1"]
[WhiteElo "2485"]
[BlackElo "2495"]
[Annotator "TA"]
[PlyCount "180"]
[EventDate "2018.12.06"]
[EventType "swiss"]
[EventCountry "MKD"]

1. Nf3 Nf6 2. g3 g6 3. b3 Bg7 4. Bb2 O-O 5. c4 c5 6. Bg2 d6 7. O-O Nc6 8. d4 cxd4 9. Nxd4 Bd7 10. Nc3 Qa5 11. Nxc6 Bxc6 12. Qd2 Rfd8 13. Rad1 e6 14. a3 Bxg2 15. Kxg2 a6 16. Ne4 Qxd2 17. Nxd2 b5 18. Rc1 Rac8 19. Kf3 Ng4 20. Kxg4 Bxb2 21. Rc2 Bxa3 22. Ra1 Bb4 23. Rxa6 d5 24. Nf3 bxc4 25. bxc4 Rxc4+ 26. Rxc4 dxc4 27. Ra4 Rb8 28. Ne5 c3 29. Kf3 c2 30. Nd3 Rd8 31. Nc1 Bd2 32. Ra1 Rb8 33. Nd3 Rb1 34. Ra8+ Kg7 35. Rc8 c1=Q 36. Nxc1 Rxc1 37. Ra8 Bg5 38. h4 Bf6 39. e3 Rc2 40. Ra7 Rb2 41. Rc7 Be5 42. Rc6 h5 43. Kg2 Kf8 44. Kf3 Ke7 45. Rc4 Bd6 46. Rc6 Kd7 47. Ra6 Be5 48. Ra7+ Ke8 49. Ra8+ Ke7 50. Rc8 Bd6 51. Ra8 e5 52. Ra7+ Ke6 53. Ra4 Bb4 54. Ra6+ Ke7 55. Ra7+ Kf6 56. Ra6+ Kg7 57. Ra1 e4+ 58. Kg2 Kf6 59. Ra6+ Kf5 60. Ra7 f6 61. Ra1 Bc3 62. Rc1 Be5 63. Rd1 g5 64. hxg5 fxg5 65. Rd8 h4 66. gxh4 gxh4 67. Rf8+ Bf6 68. Rg8 h3+ 69. Kxh3 Rxf2 70. Rg3 Be5 71. Rg5+ Kf6 72. Rg8 Rf3+ 73. Kg2 Rxe3 74. Rf8+ Ke6 75. Ra8 Kf5 76. Rf8+ Bf6 77. Ra8 Rb3 78. Rf8 Kg5 79. Rf7 Rb6 80. Rc7 Kf4 81. Rc2 Rb3 82. Rf2+ Rf3 83. Ra2 Rb3 84. Ra6 Rb2+ 85. Kh3 Bc3 86. Rf6+ Ke3 87. Rc6 Kd3 88. Kg3 e3 89. Kf3 Rf2+ 90. Kg3 Rf8 0-1

[Event "European Blitz-ch 2018"]
[Site "Skopje"]
[Date "2018.12.07"]
[Round "18"]
[White "Jenni, Florian"]
[Black "Delchev, Aleksander"]
[Result "0-1"]
[WhiteElo "2454"]
[BlackElo "2552"]
[Annotator "TA"]
[PlyCount "90"]
[EventDate "2018.12.06"]
[EventType "swiss"]
[EventCountry "MKD"]

1. e4 d6 2. d4 Nf6 3. Nc3 e5 4. dxe5 dxe5 5. Qxd8+ Kxd8 6. Bc4 Ke8 7. f3 c6 8. Be3 Nbd7 9. a4 a5 10. Nge2 Bc5 11. Kf2 Ke7 12. Rhd1 Bxe3+ 13. Kxe3 Nb6 14. Ba2 Nfd7 15. Nc1 Nc5 16. Nd3 Nbd7 17. Nxc5 Nxc5 18. Rd2 Be6 19. Bxe6 Nxe6 20. Rad1 Rhd8 21. Ne2 Rxd2 22. Rxd2 Nc5 23. Nc3 f6 24. b3 h5 25. h4 g6 26. Rd1 Rd8 27. Rxd8 Kxd8 28. g3 Ke7 29. Kd2 Kd6 30. Na2 Ne6 31. Kd3 g5 32. Ke3 gxh4 33. gxh4 Nd4 34. Nc1 Nxc2+ 35. Kd3 Nd4 36. Ke3 b5 37. f4 bxa4 38. bxa4 c5 39. fxe5+ fxe5 40. Kd3 Nf3 41. Ne2 Nxh4 42. Ng3 Ng2 43. Nf5+ Kc6 44. Ne7+ Kd7 45. Nd5 Nf4+ 0-1

[Event "European Blitz-ch 2018"]
[Site "Skopje"]
[Date "2018.12.07"]
[Round "18"]
[White "Kevlishvili, Robby"]
[Black "Anton Guijarro, David"]
[Result "1-0"]
[WhiteElo "2451"]
[BlackElo "2642"]
[Annotator "TA"]
[PlyCount "95"]
[EventDate "2018.12.06"]
[EventType "swiss"]
[EventCountry "MKD"]

1. e4 e5 2. Nf3 Nc6 3. Bb5 g6 4. c3 a6 5. Bxc6 dxc6 6. d4 exd4 7. cxd4 Bg7 8. Nc3 Ne7 9. Bf4 h6 10. h3 g5 11. Be5 Bxe5 12. Nxe5 Be6 13. O-O Qd6 14. Nf3 g4 15. e5 Qd8 16. hxg4 Bxg4 17. Ne4 Nd5 18. Qb3 Bxf3 19. Qxf3 Qh4 20. g3 Qh3 21. b4 O-O-O 22. Rab1 Kb8 23. a4 h5 24. b5 cxb5 25. axb5 a5 26. b6 Nxb6 27. Nc5 Qc8 28. Ra1 h4 29. Rxa5 hxg3 30. fxg3 Rxd4 31. Rfa1 Rhd8 32. R5a2 R8d5 33. Qa3 Rd1+ 34. Rxd1 Rxd1+ 35. Kg2 c6 36. Qa7+ Kc7 37. Na6+ Kd7 38. Nc5+ Kc7 39. Rb2 Nd7 40. Rxb7+ Kd8 41. Nxd7 Rd2+ 42. Kg1 Rd1+ 43. Kf2 Rxd7 44. Qb6+ Ke7 45. Rb8 Rd2+ 46. Ke1 Qd7 47. Qb4+ Ke6 48. Qxd2 1-0

[Event "European Blitz-ch 2018"]
[Site "Skopje"]
[Date "2018.12.07"]
[Round "18"]
[White "Jirovsky, Milos"]
[Black "Putka, Verners"]
[Result "1-0"]
[WhiteElo "2448"]
[BlackElo "2307"]
[Annotator "TA"]
[PlyCount "89"]
[EventDate "2018.12.06"]
[EventType "swiss"]
[EventCountry "MKD"]

1. Nf3 Nf6 2. c4 c5 3. g3 b6 4. Bg2 Bb7 5. O-O e6 6. Nc3 Be7 7. d4 cxd4 8. Qxd4 O-O 9. Rd1 d6 10. Ng5 Bxg2 11. Kxg2 a6 12. Nce4 Nc6 13. Nxf6+ Bxf6 14. Qe4 Bxg5 15. Qxc6 Be7 16. Be3 Qc8 17. Qe4 b5 18. Rac1 bxc4 19. Rxc4 Qb8 20. Rb4 Qe8 21. Rb7 Rb8 22. Ba7 Rxb7 23. Qxb7 Qa8 24. Qxa8 Rxa8 25. Bd4 Rc8 26. e4 Rc2 27. Kf3 Kf8 28. Ke3 g6 29. Kd3 Rc6 30. Rb1 f5 31. f3 Ke8 32. b4 d5 33. exd5 exd5 34. a3 Kd7 35. Re1 Bd6 36. Rd1 Rc4 37. Rb1 Kc6 38. Bc3 Kb5 39. a4+ Kxa4 40. Ra1+ Kb5 41. Ra5+ Kc6 42. Rxa6+ Kd7 43. b5 Rc5 44. Rxd6+ Kxd6 45. Bb4 1-0